Human medicine : (Record no. 4664)

000 -LEADER
fixed length control field 00911cam a2200313 4500
003 - CONTROL NUMBER IDENTIFIER
control field ALUPE UNIVERSITY
005 - DATE AND TIME OF LATEST TRANSACTION
control field 20220325113735.0
008 - FIXED-LENGTH DATA ELEMENTS--GENERAL INFORMATION
fixed length control field 730831s1973 mnu b 000 0 eng
020 ## - INTERNATIONAL STANDARD BOOK NUMBER
International Standard Book Number 0806613238
040 ## - CATALOGING SOURCE
Transcribing agency ALUPE UNIVERSITY
049 ## - LOCAL HOLDINGS (OCLC)
Holding library AEKC
049 ## - LOCAL HOLDINGS (OCLC)
Holding library ACAL
050 0# - LIBRARY OF CONGRESS CALL NUMBER
Classification number R724
Item number .N45 1973
090 ## - LOCALLY ASSIGNED LC-TYPE CALL NUMBER (OCLC); LOCAL CALL NUMBER (RLIN)
Classification number (OCLC) (R) ; Classification number, CALL (RLIN) (NR) R 724 N44
Local cutter number (OCLC) ; Book number/undivided call number, CALL (RLIN) AESJC
090 ## - LOCALLY ASSIGNED LC-TYPE CALL NUMBER (OCLC); LOCAL CALL NUMBER (RLIN)
Classification number (OCLC) (R) ; Classification number, CALL (RLIN) (NR) R 724 N42 1973
Local cutter number (OCLC) ; Book number/undivided call number, CALL (RLIN) AEU
090 0# - LOCALLY ASSIGNED LC-TYPE CALL NUMBER (OCLC); LOCAL CALL NUMBER (RLIN)
Classification number (OCLC) (R) ; Classification number, CALL (RLIN) (NR) R 724 N44
Local cutter number (OCLC) ; Book number/undivided call number, CALL (RLIN) AEKC
090 ## - LOCALLY ASSIGNED LC-TYPE CALL NUMBER (OCLC); LOCAL CALL NUMBER (RLIN)
Classification number (OCLC) (R) ; Classification number, CALL (RLIN) (NR) R 724 N44 1973
Local cutter number (OCLC) ; Book number/undivided call number, CALL (RLIN) ACAL
100 1# - MAIN ENTRY--PERSONAL NAME
Personal name Nelson, James B.
245 10 - TITLE STATEMENT
Title Human medicine :
Remainder of title ethical perspectives on new medical issues /
Statement of responsibility, etc. James B. Nelson.
260 ## - PUBLICATION, DISTRIBUTION, ETC.
Place of publication, distribution, etc. Minneapolis :
Name of publisher, distributor, etc. Augsburg Publishing House,
Date of publication, distribution, etc. c1973.
300 ## - PHYSICAL DESCRIPTION
Extent 207 p. ;
Dimensions 22 cm.
336 ## - CONTENT TYPE
Content type term text
Content type code txt
Source rdacontent
337 ## - MEDIA TYPE
Media type term unmediated
Media type code n
Source rdamedia
338 ## - CARRIER TYPE
Carrier type term volume
Carrier type code nc
Source rdacarrier
504 ## - BIBLIOGRAPHY, ETC. NOTE
Bibliography, etc. note Includes bibliographical references.
583 1# - ACTION NOTE
Institution to which field applies AEU
650 #0 - SUBJECT ADDED ENTRY--TOPICAL TERM
Topical term or geographic name entry element Medical ethics.
942 ## - ADDED ENTRY ELEMENTS (KOHA)
Source of classification or shelving scheme
Koha item type Book
Holdings
Withdrawn status Lost status Source of classification or shelving scheme Damaged status Not for loan Permanent Location Current Location Shelving location Date acquired Source of acquisition Total Checkouts Full call number Barcode Date last seen Price effective from Koha item type Public note
          AU LIBRARY AU LIBRARY Open Shelf 25.03.2022 DONATION FROM MOI UNIVERSITY   R724 .N45 1973 28006648 25.03.2022 25.03.2022 Book WO

Powered by Koha